000 00344nam a2200121Ia 4500
001 IA_2. Melón-Coliformes
002 DETECCION DE SALMONELLA SPP. Y REDUCCION DEL NUMER
008 220117s xx 000 0 und d
010 _a183026
700 1 _aZárate Rojas, Ariadna
_9123698
942 _cTESIS 819
999 _c183026
_d183026